Sisämaavaltioita - Äkkikuolema - Statistics

Yleistilastot
  • Tätä visaa on pelattu 5 457 kertaa
  • Keskiarvotulos 9 / 23
Answers on the Grid
Answers color-coded by a green-red scale on the quiz's grid according to % correct below.
Afganistan
Bhutan
Bolivia
Botswana
Bulgaria
Eritrea
Etelä-Sudan
Etiopia
Gambia
Georgia
Irak
Jordania
Laos
Latvia
Luxemburg
Mali
Moldova
Monaco
Mongolia
Montenegro
Namibia
Nepal
Niger
Paraguay
Sambia
San Marino
Serbia
Slovakia
Slovenia
Sveitsi
Tšekki
Uganda
Unkari
Uruguay
Valko-Venäjä
 
Vastaustilastot
Vastaus % Oikein
Afganistan
63%
Bolivia
52%
Bhutan
51%
Etelä-Sudan
49%
Tšekki
47%
Sveitsi
46%
Botswana
45%
Luxemburg
44%
Slovakia
42%
Unkari
42%
Nepal
40%
Valko-Venäjä
39%
Mongolia
37%
San Marino
37%
Serbia
36%
Etiopia
33%
Moldova
31%
Niger
31%
Mali
28%
Uganda
28%
Paraguay
27%
Laos
26%
Sambia
22%
Ehtoja vastaavia visoja ei löytynyt
Tulosjakauma
Jokaisen tuloksen saaneiden osuus
Persentiili vastausten määrän mukaan
Tuloshistoriasi
Et ole pelannut tätä visaa